000 00297nam a2200121Ia 4500
008 240731s9999 xx 000 0 und d
022 _a2040-7211
245 0 _aCritical African Studies
260 _bRoutledge
856 _uhttps://www.tandfonline.com/loi/rcaf20
942 _2ddc
942 _cTFEJ
999 _c76096
_d76096
945 _a1
_bMadushi Gamage
_c1
_dMadushi Gamage